Poesía y Filosofía de la Grecia Arcaica

Saved in:
Bibliografiske detaljer
Hovedforfatter: Frankel, Hermann (Author)
Format: Bog
Sprog:spansk
Udgivet: Madrid A. Machado Libros 2004
Udgivelse:2a. ed
Serier:La Balsa de la Medusa, 63
Fag:
Tags: Tilføj Tag
Ingen Tags, Vær først til at tagge denne postø!

MARC

LEADER 00000nam a2200000 a 4500
001 UCK5085
003 CL-VaPUC
008 050708e20040000SP |||||||||||||||||spa|d
020 |a 8477745633 
082 0 4 |a 880.2  |b FRA  |2 21 
100 0 |a Frankel, Hermann  |e author  |9 493786 
245 1 0 |a Poesía y Filosofía de la Grecia Arcaica 
250 |a 2a. ed 
300 |a 515 p 
942 |c BK 
945 |d 20050708 00:00:00  |a cmena 
260 |a Madrid  |b A. Machado Libros  |c 2004 
650 7 |a POESIA GRIEGA  |2 CL-VaPUC  |9 265054 
650 7 |a LITERATURA ANTIGUA  |2 CL-VaPUC  |9 412606 
650 0 |a Filosofía griega  |9 265579 
583 |a last modification  |c 20050708 00:00:00  |k Rodrigo Vera 
490 0 |a La Balsa de la Medusa, 63 
999 |c 313767  |d 313765 
952 |0 0  |1 0  |4 0  |6 880_200000000000000_FRA_2004  |7 0  |8 A  |9 385268  |a BIBEDU  |b BIBEDU  |d 2019-11-22  |i 4136063  |l 4  |m 1  |o 880.2 FRA 2004  |p 4136063  |r 2024-06-03  |s 2024-06-03  |w 2019-11-22  |y BK  |k FIL